Successful Renting (Record no. 118760)
[ view plain ]
| 000 -LEADER | |
|---|---|
| fixed length control field | 00671cas a22002175a 4500 |
| 001 - CONTROL NUMBER | |
| control field | L119679 |
| 008 - FIXED-LENGTH DATA ELEMENTS--GENERAL INFORMATION | |
| fixed length control field | 020912c2004 xxkqr p 0 a0eng u |
| 022 1# - INTERNATIONAL STANDARD SERIAL NUMBER | |
| International Standard Serial Number | 1744-7488 |
| 035 ## - SYSTEM CONTROL NUMBER | |
| System control number | (Sirsi) u119679 |
| 041 0# - LANGUAGE CODE | |
| Language code of text/sound track or separate title | eng |
| 110 2# - MAIN ENTRY--CORPORATE NAME | |
| Corporate name or jurisdiction name as entry element | National Federation of Residential Landlords |
| 9 (RLIN) | 4709 |
| 245 00 - TITLE STATEMENT | |
| Title | Successful Renting |
| Remainder of title | The Official Magazine of the National Federation of Residential Landlords |
| 260 ## - PUBLICATION, DISTRIBUTION, ETC. | |
| Place of publication, distribution, etc. | London |
| Name of publisher, distributor, etc. | Farscape |
| Date of publication, distribution, etc. | 2004- |
| 362 0# - DATES OF PUBLICATION AND/OR SEQUENTIAL DESIGNATION | |
| Dates of publication and/or sequential designation | November 2004- |
| 520 ## - SUMMARY, ETC. | |
| Summary, etc. | Kept for five years |
| 554 ## - | |
| -- | Four per year |
| 651 #4 - SUBJECT ADDED ENTRY--GEOGRAPHIC NAME | |
| Geographic name | England and Wales |
| Chronological subdivision | 1543- |
| 690 ## - LOCAL SUBJECT ADDED ENTRY--TOPICAL TERM (OCLC, RLIN) | |
| Topical term or geographic name as entry element | Residential property |
| 9 (RLIN) | 6266 |
| 780 00 - PRECEDING ENTRY | |
| Title | Residential Renting |
| International Standard Serial Number | 1741-881X |
| 942 ## - ADDED ENTRY ELEMENTS (KOHA) | |
| Suppress in OPAC | 0 |
| Withdrawn status | Lost status | Source of classification or shelving scheme | Damaged status | Not for loan | Home library | Current library | Shelving location | Date acquired | Total Checkouts | Full call number | Barcode | Date last seen | Price effective from | Koha item type |
|---|---|---|---|---|---|---|---|---|---|---|---|---|---|---|
| Dewey Decimal Classification | London | London | Gallery | 09/05/2005 | SUCCESSFUL RENTING | 119679-1001 | 06/08/2019 | 06/08/2019 | Journal |